000 00872cam a2200217 i 4500
999 _c7578
_d7578
003 OSt
005 20200316122709.0
008 150306s2015 enka b 001 0 eng
020 _a9781472453013 (hardback : alk. paper)
040 _aDLC
_beng
_cDLC
_erda
_dDLC
042 _apcc
082 0 0 _a724/.6
_223
_bMOR
100 1 _aMorgenthaler, Hans Rudolf,
_eauthor.
245 1 4 _aThe meaning of modern architecture :
_bits inner necessity and an empathetic reading /
_cHans Rudolf Morgenthaler, University of Colorado Denver, USA.
300 _aviii, 151 pages :
_billustrations ;
_c26 cm
504 _aIncludes bibliographical references (pages 143-148) and index.
650 0 _aArchitecture, Modern
_y20th century
_xThemes, motives.
650 0 _aArchitecture
_xPsychological aspects
_vCase studies.
650 0 _aArchitecture and society
_xHistory
_y20th century.
942 _2ddc